[Event "Sant Adria de Besos op 2nd B"]
[Site "Sant Adria de Besos"]
[Date "2018.08.12"]
[Round "4.2"]
[White "Palomares Fite, Jordi"]
[Black "Martinez Buendia, Andres"]
[Result "0-1"]
[WhiteElo "1882"]
[BlackElo "1769"]
[PlyCount "60"]
[EventDate "2018.08.10"]
[EventType "swiss"]
[EventRounds "9"]
[EventCountry "ESP"]
[SourceTitle "EXT 2024"]
[Source "ChessBase"]
[SourceDate "2023.10.10"]
[SourceVersion "1"]
[SourceVersionDate "2023.10.10"]
[SourceQuality "1"]

1. Nf3 Nf6 2. g3 g6 3. Bg2 Bg7 4. 0-0 0-0 5. d3 d5 6. Nbd2 Nbd7 7. e4 c5 8. Re1 Qc7 9. e5 Ng4 10. e6 fxe6 11. Ng5 Nxf2 12. Nxe6 Nxd1 13. Nxc7 Bd4+ 14. Kh1 Nf2+ 15. Kg1 Nxd3+ 16. Kh1 Nxe1 17. Bxd5+ Kh8 18. Nxa8 Nxc2 19. Rb1 Be5 20. Nc4 Nf6 21. Nxe5 Nxd5 22. Bh6 Re8 23. Rf1 Bf5 24. g4 Be4+ 25. Kg1 Rxa8 26. Nf7+ Kg8 27. Ng5 Nf6 28. Nxe4 Nxe4 29. Rc1 Nd4 30. Re1 Nf3+ 0-1

[Event "Hospitalet de Llobregat Ponce 3rd"]
[Site "Hospitalet de Llobregat"]
[Date "2017.05.13"]
[Round "6"]
[White "Cervello Tost, Roger"]
[Black "Palomares Fite, Jordi"]
[Result "1/2-1/2"]
[WhiteElo "2012"]
[BlackElo "1896"]
[PlyCount "102"]
[EventDate "2017.04.01"]
[EventType "swiss"]
[EventRounds "9"]
[EventCountry "ESP"]
[SourceTitle "EXT 2018"]
[Source "ChessBase"]
[SourceDate "2017.10.13"]
[SourceVersion "1"]
[SourceVersionDate "2017.10.13"]
[SourceQuality "1"]

1. e4 e5 2. Nf3 Nc6 3. d4 exd4 4. Bc4 Nf6 5. e5 d5 6. Bb5 Ne4 7. Nxd4 Bc5 8. Be3 0-0 9. Bxc6 bxc6 10. 0-0 Qe8 11. Nd2 Qxe5 12. Nxc6 Qd6 13. Nxe4 dxe4 14. Qxd6 cxd6 15. Ne7+ Kh8 16. Nxc8 Raxc8 17. c3 Bxe3 18. fxe3 Rb8 19. Rf2 g6 20. Rd1 Rb6 21. b3 Kg7 22. Rd4 Re8 23. g4 Re5 24. c4 a5 25. Rfd2 Re6 26. Kg2 a4 27. bxa4 Ra6 28. h4 Rxa4 29. Kg3 Kf6 30. Kf4 h6 31. g5+ hxg5+ 32. hxg5+ Ke7 33. c5 Rxd4 34. Rxd4 dxc5 35. Rxe4 Rxe4+ 36. Kxe4 f6 37. gxf6+ Kxf6 38. Kd5 g5 39. e4 g4 40. Kd6 g3 41. e5+ Kf5 42. e6 g2 43. e7 g1Q 44. e8Q Qd4+ 45. Kc7 Qe5+ 46. Qxe5+ Kxe5 47. a4 c4 48. a5 c3 49. a6 c2 50. a7 c1Q+ 51. Kb7 Qb2+ 1/2-1/2

[Event "Llobregat Garcia Memorial 7th"]
[Site "Llobregat"]
[Date "2016.05.28"]
[Round "8"]
[White "Palomares Fite, Jordi"]
[Black "Khachatryan, Tigran V"]
[Result "0-1"]
[WhiteElo "1915"]
[BlackElo "1922"]
[PlyCount "68"]
[EventDate "2016.04.09"]
[EventType "swiss"]
[EventRounds "9"]
[EventCountry "ESP"]
[SourceTitle "EXT 2017"]
[Source "ChessBase"]
[SourceDate "2016.10.25"]
[SourceVersion "1"]
[SourceVersionDate "2016.10.25"]
[SourceQuality "1"]

1. e4 g6 2. d4 Bg7 3. Nf3 d6 4. Nc3 Bg4 5. Be3 c6 6. Bc4 e6 7. h3 Bxf3 8. Qxf3 Nf6 9. 0-0 0-0 10. Rad1 b5 11. Bb3 b4 12. e5 Nfd7 13. Ne4 dxe5 14. Bg5 Qa5 15. Nf6+ Nxf6 16. Bxf6 e4 17. Qf4 Qf5 18. Qxf5 gxf5 19. Be7 Rc8 20. Bxb4 a5 21. Bd6 Nd7 22. Bc4 Nb6 23. Be2 Na4 24. c4 Nxb2 25. Rd2 Na4 26. d5 Bh6 27. Rc2 cxd5 28. Rd1 Bg7 29. c5 d4 30. Bh5 d3 31. Rc4 Nb2 32. Rcc1 Nxd1 33. Rxd1 Bf8 34. Rb1 Bxd6 0-1

[Event "Sant Adria de Besos op 09th"]
[Site "Sant Adria de Besos"]
[Date "2013.04.21"]
[Round "2"]
[White "Palomares Fite, Jordi"]
[Black "Fabregas Fernandez, Bernat"]
[Result "0-1"]
[WhiteElo "1966"]
[BlackElo "2153"]
[PlyCount "76"]
[EventDate "2013.04.14"]
[EventType "swiss"]
[EventRounds "9"]
[EventCountry "ESP"]
[SourceTitle "EXT 2015"]
[Source "ChessBase"]
[SourceDate "2014.11.20"]
[SourceVersion "1"]
[SourceVersionDate "2014.11.20"]
[SourceQuality "1"]

1. b3 Nf6 2. Bb2 g6 3. g3 Bg7 4. Bg2 0-0 5. d3 d5 6. e3 Bg4 7. Ne2 c5 8. h3 Bf5 9. g4 Bc8 10. Nd2 Nc6 11. Ng3 e5 12. a3 a5 13. g5 Ne8 14. h4 Be6 15. Qe2 Nd6 16. c4 d4 17. Nde4 Nxe4 18. Nxe4 Qe7 19. h5 Nb8 20. a4 Nd7 21. Ba3 Rac8 22. 0-0-0 Bf5 23. Rdg1 Rfd8 24. Bh3 Bxe4 25. dxe4 Rc6 26. Qg4 Nf8 27. Qh4 Rb6 28. hxg6 hxg6 29. Kc2 d3+ 30. Kc3 d2 31. Rd1 Qd6 32. Bf1 Ne6 33. Be2 Qd7 34. Rhg1 Rd6 35. Qg4 Qc6 36. Kc2 Nf4 37. exf4 Qxe4+ 38. Kb2 exf4+ 0-1

[Event "Barcelona op rap"]
[Site "Barcelona"]
[Date "1996.12.14"]
[Round "1"]
[White "Palomares Fite, Jordi"]
[Black "Djuric, Stefan"]
[Result "0-1"]
[WhiteElo "2050"]
[BlackElo "2560"]
[PlyCount "42"]
[EventDate "1996.12.??"]
[EventType "swiss (rapid)"]
[EventRounds "8"]
[EventCountry "ESP"]
[SourceTitle "EXT 2001"]
[Source "ChessBase"]
[SourceDate "2000.11.22"]
[SourceVersion "1"]
[SourceVersionDate "2000.11.22"]
[SourceQuality "1"]

1. e4 c5 2. d4 cxd4 3. c3 dxc3 4. Nxc3 Nc6 5. Nf3 d6 6. Bc4 a6 7. 0-0 Na5 8. Be2 Bg4 9. h3 Bxf3 10. Bxf3 Nc6 11. Be3 Nf6 12. Be2 g6 13. f4 Bg7 14. Qe1 0-0 15. f5 e6 16. Qh4 d5 17. Rad1 Nxe4 18. Qxd8 Rfxd8 19. Bb6 gxf5 20. Bxd8 Rxd8 21. Bh5 Ng3 0-1